[Event "Olympiad-31"]
[Site "Moscow"]
[Date "1994.12.05"]
[Round "5.3"]
[White "Bareev, Evgeny"]
[Black "Kovalev, Andrei"]
[Result "1-0"]
[WhiteElo "2675"]
[BlackElo "2525"]
[Annotator "Shipov,S"]
[PlyCount "57"]
[EventDate "1994.12.01"]
[EventType "team-swiss"]
[EventRounds "14"]
[EventCountry "RUS"]
[SourceTitle "CBM 045"]
[Source "ChessBase"]
[SourceDate "1995.04.01"]
[SourceVersion "1"]
[SourceVersionDate "1995.04.01"]
[SourceQuality "1"]
[WhiteTeam "Russia"]
[BlackTeam "Belarus"]
[WhiteTeamCountry "RUS"]
[BlackTeamCountry "BLR"]

1. d4 Nf6 2. c4 g6 3. g3 Bg7 4. Bg2 O-O 5. Nc3 c5 6. Nf3 d6 7. dxc5 dxc5 8. O-O
Nc6 9. Bf4 (9. Nd4) 9... Nh5 (9... Nd4) (9... Bd7) 10. Be3 Qa5 (10... Nd4 11.
Qd2 Bg4 12. Rfd1 Bxf3 13. exf3 e5 14. Nd5 f5 15. b4 b6 16. bxc5 bxc5 17. Rab1
$14 {Drasko,M-Velimirovic,D/Belgrade/1994/}) 11. Nd2 $5 (11. Bd2 Qb4 $1 12. Qb3
Be6 13. Nd5 Qxb3 14. axb3 Rad8 15. Be3 $10 {Portisch,L-Tal,M/Bled/1961/}) (11.
Qc1 Nd4 12. Re1 (12. Bd2 Qxc3 $1 $17) 12... Be6 13. Bd2 Qa6 14. b3 Rad8 (14...
Rfd8 $5) 15. Bh6 $14 {Ivkov,B-Tal,M/Habana/1963/}) 11... Rd8 (11... Bxc3 $5 12.
bxc3 (12. Nb3 Qc7 13. bxc3 b6 $17) 12... Qxc3 13. Ne4 (13. Bxc5 $5 Rd8 14. Be3
$13) 13... Qxc4 14. Nxc5 $44) 12. Nd5 (12. Qc1 Nd4 13. Re1 Be6 $5 14. Bxb7 Rab8
15. Bd5 Bxd5 16. Nxd5 Rxb2 $146 {Anokhin,V-Morozevich,A/Moscow/1991/}) 12...
Bxb2 $5 {N/} (12... e6 $2 13. Nb3 Qa6 (13... Qa4 14. Ne7+ Kf8 15. Bxc6 Rxd1 16.
Bxa4 Rxa1 17. Rxa1 Kxe7 18. Bxc5+ $18) 14. Nxc5 Qxc4 (14... Qa5 15. Nb3 Qa6 16.
Nc7 $1 Qxc4 17. Rc1 $16) 15. b3 Qg4 (15... Qb5 16. Ne7+ Kf8 17. Bxc6 $18) 16.
h3 Qf5 17. Ne7+ $18) (12... Be6 $32 13. Nb3 Qa4 14. Qc1 (14. Nxc5 Qxc4 15. b3
Qg4 16. h3 Qf5 17. g4 Qe5 $19) 14... b6 15. Nc3 $6 (15. Bxc5 $5 bxc5 16. Nxc5
Qa5 17. Nb7 $14) 15... Bxc3 16. Qxc3 Rac8 $10 {Blagojevic,D-Jakubovic,N/Turla/
1991/}) 13. Nb3 Qa6 (13... Qa3 $2 14. Bxc5) (13... Qa4 14. Nxe7+ Kf8 15. Bxc6
Rxd1 16. Bxa4 $16) 14. Nxe7+ Kg7 $2 {[#]} (14... Nxe7 $2 15. Qxd8+) (14... Kf8
$32 15. Qb1 Bxa1 16. Nxc6 bxc6 17. Qxa1 $44) 15. Qb1 (15. Nd5 $6 Qxc4) 15...
Bxa1 (15... Bd4 $5 16. Nxc6 bxc6 17. Nxc5 $16) 16. Qxa1+ $1 (16. Nxc6 bxc6 17.
Qxa1+ Kg8 $132) 16... Nd4 (16... Kf8 17. Nxc6 bxc6 18. Qh8+ Ke7 19. Bxc5+ $18)
(16... f6 17. Nxc8 Raxc8 18. g4 $16) 17. Nd5 $1 (17. Nxc5 Qf6 18. Bxd4 Qxd4 19.
Nxb7 Qxa1 20. Rxa1 Rd7 21. Nc5 Rxe7 22. Bxa8 Rc7 $16) 17... f6 (17... Qxc4 18.
Rc1 Qxe2 19. Nxc5 $18) (17... Qd6 18. Nxc5 $18) 18. Bxd4 cxd4 19. Nc7 Qxc4 20.
Nxa8 Bg4 21. h3 Bxe2 22. Rc1 $18 Qb4 23. Nc7 Bc4 24. Nxd4 Rd7 25. a3 Qa4 26.
Nce6+ Bxe6 27. Nxe6+ Kf7 28. Nc5 Qb5 29. Nxd7 1-0

[Event "Yerevan op"]
[Site "Yerevan"]
[Date "1996.??.??"]
[Round "7"]
[White "Tukmakov, Vladimir B"]
[Black "Bagaturov, Giorgi"]
[Result "1-0"]
[WhiteElo "2595"]
[BlackElo "2460"]
[Annotator "Chekhov,V"]
[PlyCount "81"]
[EventDate "1996.??.??"]
[EventType "swiss"]
[EventRounds "11"]
[EventCountry "ARM"]
[SourceTitle "CBM 052 Extra"]
[Source "ChessBase"]
[SourceDate "1996.07.01"]
[SourceVersion "1"]
[SourceVersionDate "1996.07.01"]
[SourceQuality "1"]

1. d4 Nf6 2. Nf3 g6 3. c4 Bg7 4. g3 c5 5. Nc3 O-O 6. Bg2 d6 7. O-O Nc6 8. dxc5
(8. d5 $5) 8... dxc5 9. Bf4 Be6 10. Ne5 Na5 (10... Nxe5 11. Bxe5 Qxd1 12. Raxd1
Bxc4 13. Bxb7 Rad8 14. b3 $14) 11. Qc2 $5 (11. Qa4 Nd7 $1 12. Nxd7 Bxd7 13. Qc2
Bf5 14. Qc1 (14. Qa4 Bd7 $10) 14... Qc8 15. Nd5 Nc6 16. Bh6 Bh3 17. Bxg7 Kxg7
18. Qc3+ Kg8 19. a3 $14 {Kiselev,S-Istratescu,A/Bucharest/1993/0,5/30/}) (11.
Nd3 Nh5 12. Nxc5 Nxf4 13. gxf4 Bxc4 14. Rc1 Qc7 15. Nxb7 Qxf4 16. e3 Qe5 17.
Nxa5 Qxa5 18. Bxa8 Bxf1 19. Qd5 Qxd5 20. Nxd5 Rxa8 21. Kxf1 Bxb2 22. Nxe7+ Kf8
23. Rc8+ $10 {Tal,M-Kasparov,G/Moscow/1987/0,5/37/}) 11... Nh5 12. Rad1 Qc8 $6
{N/} (12... Qe8 $5 13. Nd5 Nxf4 14. gxf4 Rc8 15. Rd2 f6 16. Nf3 Nc6 17. Rfd1
Kh8 18. Kh1 b6 19. b3 Bg4 $10 {Tukmakov,V-Spraggett,K/Bern/1995/0,5/22/}) 13.
Nd5 Bxd5 (13... Re8 $5) 14. cxd5 Nxf4 (14... g5 15. Bd2 Bxe5 16. Bxa5 $16) 15.
gxf4 b6 16. d6 exd6 17. Rxd6 (17. Bxa8 dxe5 18. Bg2 exf4 $44) 17... Bxe5 (17...
Rb8 18. Nd7 Rd8 19. Rfd1 $16) 18. fxe5 Qg4 19. h3 Qc4 20. Qd2 Rae8 21. b3 Qh4
22. f4 $16 Re7 23. Kh2 Nb7 $6 (23... Rc8 $5 24. Bd5 (24. Rc1 $5) 24... c4 25.
b4 c3 $132) 24. Rd5 Na5 25. e3 Nc6 26. Rd6 Na5 27. Bd5 Nb7 28. Rf6 Nd8 29. Rg1
Kh8 30. Rg4 Qh6 31. Qf2 Rfe8 32. h4 Ne6 33. f5 $1 Nd8 34. e6 $18 fxe6 35. fxg6
Qg7 (35... exd5 36. g7+ Rxg7 (36... Kg8 37. Rf8+ $18) 37. Rf8+ $18) 36. Be4 Rd7
37. Kh3 Rg8 38. Rg5 h6 39. Rh5 e5 40. Qf5 Rd1 41. Rxh6+ (41. Rxh6+ Qxh6 42. g7+
Kxg7 43. Rxh6 Kxh6 44. Qh7#) 1-0

[Event "Petrov Memorial op"]
[Site "St Petersburg"]
[Date "1996.??.??"]
[Round "8"]
[White "Vaulin, Alexander"]
[Black "Fedorov, Alexei"]
[Result "1/2-1/2"]
[WhiteElo "2480"]
[BlackElo "2540"]
[Annotator "Dautov,R"]
[PlyCount "60"]
[EventDate "1996.02.??"]
[EventType "swiss"]
[EventRounds "9"]
[EventCountry "RUS"]
[SourceTitle "CBM 052"]
[Source "ChessBase"]
[SourceDate "1996.06.01"]
[SourceVersion "1"]
[SourceVersionDate "1996.06.01"]
[SourceQuality "1"]

1. d4 Nf6 2. Nf3 g6 3. c4 Bg7 4. g3 O-O 5. Bg2 c5 6. Nc3 Nc6 7. O-O d6 8. dxc5
dxc5 9. Bf4 Be6 10. Ne5 Na5 11. Qa4 Nd7 12. Nxd7 Bxd7 13. Qc2 Bf5 (13... Nc6
14. Rad1 Nd4 15. Qd2 Bc6 16. Bh6 Bxg2 17. Kxg2 Qd7 18. Bxg7 Kxg7 19. e3 Qc6+
20. f3 Nf5 21. Kf2 $1 Nd6 22. Nd5 Rfe8 23. Qc3+ f6 24. e4 Nf7 $6 (24... e5 $14)
25. Kg1 $1 e5 26. f4 $16 {Schwartzman,G-Sutovskij,E/Groningen 1994}) (13...
Nxc4 $6 14. Bxb7 e5 15. Bxa8 $1 Qxa8 16. Bg5 Bh3 17. e4 Bxf1 18. Rxf1 $16) 14.
Qc1 (14. e4 $5 Bd7 15. Nd5 Nc6 16. Qd2 Qc8 $6 (16... e6 $5 17. Nc3 e5 18. Be3
Nd4 19. f4 $36 {Pigusov}) 17. Be3 b6 18. f4 Rd8 19. f5 e6 $2 (19... gxf5 20.
Bh6 $1 $40) (19... f6 $8) 20. fxg6 $1 exd5 21. gxf7+ Kh8 22. exd5 $18 {Pigusov,
E-Istratescu,A/Metz op 1993}) 14... Qc8 15. Nd5 Nc6 16. Bh6 Bh3 17. Bxg7 Kxg7
18. Qc3+ Kg8 19. Qe3 $5 {N} (19. a3 Bxg2 20. Kxg2 Qg4 {Kiselev,S-Istratescu,A/
Bucuresti 1993} 21. b4 $1 Qe4+ 22. Kg1 Nd4 23. Rae1 $16) 19... Bxg2 20. Kxg2
Qf5 $5 (20... e6 21. Nf6+ Kg7 22. Ng4 f5 23. Ne5 $14) (20... b6 $2 21. Qxe7 $1
$16) 21. Nxe7+ (21. Qxc5 Qe4+ (21... e6 $2 22. Qxc6 $1 Qe4+ 23. Kg1 $16) 22.
Kg1 Qxe2 23. Rae1 (23. b4 e6 24. Nf6+ Kg7 $10) (23. Rfe1 Qxb2 24. Rab1 Qd2 25.
Nxe7+ Nxe7 26. Rxe7 b6 $10) 23... Qxb2 24. Rb1 Qxa2 25. Rxb7 Rac8 26. Rxe7 Qa6
27. Rd7 $14 {><f6}) 21... Nxe7 22. Qxe7 Rae8 23. Qxb7 Rxe2 $44 24. Rae1 (24. b3
$1 h5 (24... a5 25. Qa7) (24... Rd8 25. Qxa7 h5 (25... Rdd2 26. Qa8+ Kg7 27.
Qf3 $16) 26. Qb7 h4 $44) 25. Qf3 (25. Qxa7 h4 26. Qb7 h3+ 27. Kg1 Rd8 28. a3
Kg7 $1 (28... Rdd2 29. Qb8+ Kg7 30. Qf4 $16) 29. Rae1 Rb2 30. Qe7 Rdd2 $14)
25... Qxf3+ 26. Kxf3 Rb2 27. Rfb1 Rc2 28. Rc1 Rb2 $14) 24... Rfe8 25. Rxe2 Rxe2
26. a4 h5 27. h4 a5 $10 28. Qa8+ Kh7 29. Qxa5 Qe4+ 30. Kg1 Qxc4 1/2-1/2

[Event "NED-ch53"]
[Site "Rotterdam"]
[Date "1998.06.23"]
[Round "3"]
[White "Van der Sterren, Paul"]
[Black "Van der Weide, Karel"]
[Result "1-0"]
[WhiteElo "2550"]
[BlackElo "2450"]
[Annotator "Stohl,I"]
[PlyCount "67"]
[EventDate "1998.06.21"]
[EventType "tourn"]
[EventRounds "11"]
[EventCountry "NED"]
[EventCategory "12"]
[SourceTitle "CBM 066"]
[Source "ChessBase"]
[SourceDate "1998.09.30"]
[SourceVersion "1"]
[SourceVersionDate "1998.09.30"]
[SourceQuality "1"]

1. c4 Nf6 2. Nc3 c5 3. Nf3 g6 4. d4 cxd4 5. Nxd4 Nc6 6. g3 Bg7 7. Bg2 O-O 8.
O-O d6 9. Nxc6 bxc6 10. Bxc6 Rb8 (10... Bh3 $143 $6 11. Bxa8 Qxa8 12. f3 Bxf1
13. Kxf1 Qc8 14. Qd3 Qh3+ 15. Kg1 Nd7 16. Nd5 Re8 17. Nf4 Qf5 18. Qxf5 gxf5 19.
Rb1 Rb8 20. b3 Ne5 21. Bb2 Nxc4 22. Bxg7 Kxg7 23. Rc1 Nb6 24. Rc7 e5 25. Nd3
Nc8 26. Kf2 $16 {[%csl Ra7,Rd6,Rf5,Rf7] _|_ק,Moustafa,T-Abdel Bary,K/Cairo op/
1998/}) 11. Qa4 $5 ({Somewhat risky, but perhaps playable is} 11. Nb5 Be6 12.
b3 Ng4 13. Rb1 Qb6 14. Bg2 a6 15. Na3 Qa5 16. h3 Nf6 17. Bb2 Rfd8 18. Qc1 Qh5
19. g4 Qh4 20. f4 h5 21. g5 Bxh3 22. gxf6 Bxg2 23. Kxg2 Qg4+ 24. Kf2 Qh4+ 25.
Ke3 $14 {Hulak,K-Mohr,G/Bled/Rogaska Slatina/1991/}) ({White hasn't been able
to prove any advantage after the heavily played} 11. Bg2 Qa5 12. Nb5 (12. Qc2
$5 Be6 $6 13. Bd2 $1 Bxc4 14. Nd5 Qb5 15. Nxe7+ Kh8 16. Nc6 Bxe2 17. Nxb8 Bxf1
18. Rxf1 Rxb8 19. b3 d5 20. Qc7 a6 21. Qxf7 d4 22. Rc1 Rf8 23. Qc4 Qf5 24. Qxd4
Ng4 25. Qc5 Qd3 26. Bc3 {1-0,Stohl,I-Enders,P/BL 9798/1997/}) 12... Bb7 13.
Bxb7 Rxb7 14. Bd2 Qa6 15. Bc3 Rc8 16. a4 Rxc4 17. b3 Rc6 18. Rc1 Rd7 19. Bd4
Rxc1 20. Qxc1 Ne4 21. Bxa7 Nc3 22. Nxc3 Rc7 23. Qe3 Rxc3 24. Qxe7 Be5 25. f4
Bf6 26. Qe8+ Kg7 27. Bf2 Rxb3 28. Rc1 Qb7 29. a5 Ra3 30. Bb6 Qd5 $44 {Vaulin,
A-Sergeev,V/Pardubice op/1993/}) 11... Bb7 (11... Bh3 12. Rd1 $1 (12. Bg2 Bxg2
13. Kxg2 Qc7 $5 (13... Qd7 14. Rb1 Qxa4 15. Nxa4 Rfc8 16. c5 dxc5 17. Be3 Rb4
$5 (17... c4 18. Bxa7 Rb4 19. Nc3 e6 20. Bd4 Nd5 21. Bxg7 Kxg7 22. Rfc1 Nxc3
23. Rxc3 Rcb8 24. Rc2 g5 25. a3 Rb3 26. Rxc4 Rxb2 27. Rxb2 Rxb2 28. e3 Ra2 29.
Ra4 $14 {Kramnik,V-Topalov,V/Monaco act/1997/}) 18. b3 c4 19. Rbc1 Nd5 20. Bxa7
Ra8 21. Bc5 cxb3 22. Bxb4 bxa2 23. Bd2 {1/2,Loeffler,S-Reeh,O/BL/1995/} h5 $1
$11) 14. Rb1 Nd7 15. Nd5 Qb7 16. f3 e6 17. Ne3 d5 18. cxd5 exd5 19. Rd1 Rfe8
20. Kf2 Nb6 21. Qh4 Qa6 22. a4 Rbd8 $36 {Ernst,S-Van der Weide,K/Rotterdam
NLD-ch/1998/}) 12... Qb6 (12... Qc7 13. b3 Rfc8 14. Bf3 d5 15. Nb5 Qd7 16. Bf4
Rb6 17. Rac1 Qe8 18. Qxa7 Rbc6 19. Qe3 dxc4 20. Na7 Re6 21. Qd2 c3 22. Rxc3
Rxc3 23. Qxc3 h6 24. Qc7 {1-0,Strating,S-Blees,A/Amsterdam Donner op/1995/})
13. Nd5 Nxd5 14. cxd5 Qb4 15. Qxb4 Rxb4 16. a3 Rb6 17. Ra2 a5 18. a4 Rfb8 19.
Bb5 Rxb5 20. axb5 Rxb5 21. f3 e6 22. Kf2 $16 {Andresen,S-Wesseln,K/BL/1993/}) (
11... Qc7 $5 12. c5 dxc5 13. Bg2 Rb4 14. Qc2 Be6 15. Bd2 Rfb8 16. b3 Rc8 17.
Na4 Rb5 18. Nc3 Rb4 19. Na4 Rb5 20. Nc3 Rb4 21. Na4 $11 {1/2,Supatashvili,
K-Ubilava,E/Protvino zt/1993/}) 12. Bxb7 Rxb7 13. Rb1 Qb8 $6 $146 (13... Qc8
$142 $1 14. Bd2 Qh3 15. f3 Nh5 16. Rf2 Qe6 17. Kg2 Rc8 18. b3 (18. Nd5 $5)
18... Bd4 $1 19. e3 Bxc3 20. Bxc3 Qxe3 21. Qa5 Ng7 22. Re1 Qc5 23. Rd2 Qxa5 24.
Bxa5 f6 25. Rd5 Kf7 26. Bd2 a6 27. Ra5 Rc6 28. Be3 Ne6 29. Rd1 Rbc7 30. h4 Nd8
$11 {Karpov,A-Topalov,V/Monaco act/1997/}) (13... Ng4 14. Bd2 Qb8 15. b3 h5 16.
Nd5 h4 17. c5 Nf6 18. c6 Nxd5 19. cxb7 hxg3 20. Qc6 $18 {Nikoladze,S-Pachmann,
A/Praha Mladi-B/1994/}) 14. b3 Nd7 15. Bd2 $16 {Now by patient defense White
should manage to extricate his Q and finally consolidate his position, holding
on to the extra pawn in the process.} Rc8 16. Rbc1 (16. Qa3 $2 Bxc3 17. Bxc3
Rxc4 $1 $11) 16... Nc5 17. Qa3 Rc6 18. Rc2 $1 (18. Rfd1 Ra6 19. Qb2 Ne4 $5 $14)
18... Qc8 (18... Ra6 19. Qc1 $16) 19. Kg2 a5 20. Be3 (20. Na4 $5 $16) (20. Qc1
$6 a4 21. Nxa4 Nxa4 22. bxa4 Rbc7 $14) 20... Na6 21. Rcc1 $5 (21. Qc1 e6 $5 {
[%cal Rd6d5] /\d5<=>}) 21... Nb4 22. Rfd1 Bxc3 $6 {A desperate attempt to gain
counterplay hastens the end.} (22... h5 $142 $5 {/\} 23. Bd4 Bh6 $132) 23. Rxc3
a4 24. Qb2 (24. Qxa4 $4 Ra6 $19) (24. bxa4 Rxc4 25. Rdc1 $36) 24... a3 25. Qd2
$16 (25. Qxa3 $2 Ra6 $13) 25... d5 26. Rcc1 $1 {[%cal Rc4d5] /\cd5} (26. c5 e5
$44) 26... dxc4 27. Rxc4 Rxc4 28. bxc4 h5 {The simple, but effective tactics
work for White after} (28... Qxc4 29. Bh6 $1 Qc6+ (29... Rb8 30. Qd8+ $18) 30.
f3 Qe8 (30... Rb8 31. Qxb4 $1 $18) 31. Qc3 f6 (31... e5 $2 32. Qxe5 $18) 32.
Qc4+ Kh8 33. Rb1 Qb8 34. Qf7 Qg8 35. Qxg8+ Kxg8 36. Bd2 $18) 29. c5 $18 {
[%csl Gc5,Rf6,Rg7,Rh6] o^c,׻} Kh7 30. Qc3 Qa8 (30... Nxa2 31. Qc4 $18) (30...
Qe6 $142 $5 31. Qxa3 Nc2 32. Qd3 Nxe3+ 33. Qxe3 Qxe3 34. fxe3 Rb2 35. Kf3 (35.
a4 $5 $18) 35... Rxa2 36. Rd7 Rc2 37. Rxe7 Rxc5 38. Rxf7+ $18 {_|_R}) (30...
Qc6+ 31. Kg1 Nd5 32. Qxa3 $18) 31. Kg1 Qa4 $6 32. Rd8 f6 33. Qc4 e6 34. Qf4 (
34. Qf4 g5 $8 35. Qe4+ $18 (35. Qxf6 $18)) 1-0

[Event "Moscow Aeroflot op"]
[Site "Moscow"]
[Date "2002.02.10"]
[Round "9"]
[White "Prokopchuk, Evgeny"]
[Black "Smirin, Ilia"]
[Result "0-1"]
[WhiteElo "2508"]
[BlackElo "2702"]
[Annotator "Atlas,V"]
[PlyCount "39"]
[EventDate "2002.02.04"]
[EventType "swiss"]
[EventRounds "9"]
[EventCountry "RUS"]
[SourceTitle "CBM 088"]
[Source "ChessBase"]
[SourceDate "2002.03.21"]
[SourceVersion "1"]
[SourceVersionDate "2002.03.21"]
[SourceQuality "1"]

1. d4 Nf6 2. Nf3 g6 3. c4 Bg7 4. Nc3 O-O 5. g3 c5 6. Bg2 d6 7. O-O Nc6 8. dxc5
dxc5 9. Bf4 Be6 10. Qa4 Nh5 11. Be3 Nd4 12. Ng5 Bd7 13. Qd1 e6 14. Nge4 Qb6 15.
g4 Nf6 16. Nxf6+ Bxf6 17. Bh6 Qxb2 18. Bxf8 Qxc3 19. Bxc5 {[%tqu "En","How
would you justify Black's exchange sacrifice?","Exploit the main diagonal!",
"Use your queen for a powerful strike!","c3a1","This nice move yields Black a
large advantage.",4]} Qxa1 $1 {[%csl Re2][%cal Gd4e2,Gf6a1]} 20. Qd2 $4 ({
A terrible mistake, losing on the spot - White obviously overlooked Black's
repsonse 20...Qc3. After} 20. Qxa1 Nxe2+ 21. Kh1 Bxa1 22. Rxa1 Bc6 23. Bxc6
bxc6 24. Rd1 Nc3 {Black retains good winning chances, although he needs to
overcome still some technical difficulties.}) 0-1

[Event "RUS Cup final 6th"]
[Site "Nefteyugansk"]
[Date "2002.10.10"]
[Round "6"]
[White "Bocharov, Dmitry"]
[Black "Kornev, Alexei"]
[Result "0-1"]
[WhiteElo "2502"]
[BlackElo "2566"]
[Annotator "Hecht,H"]
[PlyCount "115"]
[EventDate "2002.10.06"]
[EventType "tourn"]
[EventRounds "11"]
[EventCountry "RUS"]
[EventCategory "11"]
[SourceTitle "CBM 092"]
[Source "ChessBase"]
[SourceDate "2003.02.06"]
[SourceVersion "1"]
[SourceVersionDate "2003.02.06"]
[SourceQuality "1"]

1. d4 Nf6 2. Nf3 g6 3. c4 Bg7 4. g3 O-O 5. Bg2 d6 6. O-O c5 7. Nc3 Nc6 8. dxc5
dxc5 9. Bf4 Qa5 10. Nd2 Rd8 11. Nd5 Nxd5 12. cxd5 Nd4 13. e3 Nb5 14. Nb3 Qb6
15. Qc2 e5 16. dxe6 Bxe6 17. Nxc5 Rac8 18. b4 a5 19. Rad1 Rxd1 20. Qxd1 Nc3 21.
Qf3 Bd5 22. Qg4 Qc6 23. Bxd5 Nxd5 24. a3 axb4 25. axb4 Nxb4 26. Rb1 Qxc5 27.
Bd6 Qc6 28. Qxb4 b5 29. Qf4 Qd5 30. e4 Qd3 31. Re1 Bc3 32. Rc1 Rc4 33. Be7 Be5
34. Qh6 Bg7 35. Qf4 Rxc1+ 36. Qxc1 h5 37. Qc6 b4 38. Qe8+ Kh7 39. Qxf7 Qb1+ 40.
Kg2 Qxe4+ 41. Kg1 Qb7 42. Qe6 b3 43. Ba3 b2 44. Bxb2 Bxb2 {[#] Schwarz hat das
große technische Problem des "falschen" Läufers bezogen auf das
Umwandlungsfeld seines h-Bauern.} 45. Qc4 Qf3 46. h4 Qf6 47. Kg2 Bd4 48. Qc7+
Kh6 49. Qc1+ Kg7 50. Qc2 Qe5 51. Qc6 Bc5 52. Qd7+ Kf6 53. Qd8+ Qe7 54. Qd3 Qb7+
55. Kg1 (55. Qf3+ Qxf3+ 56. Kxf3 Kf5 57. Kg2 Ke4 58. f3+ Ke3 59. g4 hxg4 60.
fxg4 Kf4 61. g5 (61. h5 g5 62. Kh3 Kf3 63. h6 Bd4 $19) 61... Kg4 $19 {zeigt,
dass der Damentausch von Weiß nur ausnahmsweise anzustreben ist, sonst aber
ein strategisches Ziel von Schwarz sein muss.}) 55... Qc7 (55... Qb6 $142 56.
Qf3+ Kg7 57. Qc3+ Bd4 58. Qf3 Qb1+ 59. Kg2 Qf5 60. Qe2 Kf6 {und Marsch des
schwarzen Königs sagen wir Richtung d2, ohne dass klar ist, ob Schwarz
gewinnen kann.}) 56. Qf3+ Kg7 57. Qc3+ Kf7 58. Qf3+ {Vermutlich hat hier
einmal mehr der Sekundärfaktor Zeit über das Schach triumphiert.} 0-1